书目信息 |
| 题名: |
杨廷宝建筑设计作品选
|
|
| 作者: | 韩冬青 , 张彤 主编 | |
| 分册: | ||
| 出版信息: | 北京 中国建筑工业出版社 2001.10 |
|
| 页数: | 179页 | |
| 开本: | 30cm | |
| 丛书名: | ||
| 单 册: | ||
| 中图分类: | TU206 | |
| 科图分类: | ||
| 主题词: | 建筑设计 | |
| 电子资源: | ||
| ISBN: | 7-112-04776-5 | |
| 000 | 00633nam0 2200205 45 | |
| 001 | 0253964286 | |
| 005 | 2002041514592428 | |
| 010 | @a7-112-04776-5@dRMB 120.00 | |
| 100 | @a20020415d2001 km y0chiy0120 ea | |
| 101 | 0 | @achi |
| 102 | @aCN@b110000 | |
| 200 | 1 | @a杨廷宝建筑设计作品选@Ayang ting bao jian zhu she ji zuo pin xuan@f韩冬青,张彤主编@FHan Dong Qing,Zhang Tong Zhu Bian |
| 210 | @a北京@c中国建筑工业出版社@d2001.10 | |
| 215 | @a179页@d30cm | |
| 606 | 0 | @a建筑设计 |
| 690 | @aTU206@v3 | |
| 701 | 0 | @a韩冬青@AHan Dong Qing@4主编 |
| 701 | 0 | @a张彤@AZhang Tong@4主编 |
| 801 | 0 | @aCN@bPFT@c20020415 |
| 905 | @a10447@dTU206@eH075 | |
| 杨廷宝建筑设计作品选/韩冬青,张彤主编.-北京:中国建筑工业出版社,2001.10 |
| 179页;30cm |
| ISBN 7-112-04776-5:RMB 120.00 |
| ● |
| 相关链接 |
|
|
|
正题名:杨廷宝建筑设计作品选
索取号:TU206/H075
 
预约/预借
| 序号 | 登录号 | 条形码 | 馆藏地/架位号 | 状态 | 备注 |
| 1 | 356376 | 203563768 | 建筑库101/101建筑库 41排2列2层/ [索取号:TU206/H075] | 在馆 |